Obras escogidas de don Antonio Alcalá Galiano

I tiakina i:
Ngā taipitopito rārangi puna kōrero
Kaituhi matua: Campos, Jorge (Author)
Hōputu: Pukapuka
Reo:Pāniora
I whakaputaina: Madrid Atlas 1955
Rangatū:Biblioteca de Autores Españoles, 83-84
Ngā marau:
Ngā Tūtohu: Tāpirihia he Tūtohu
Kāore He Tūtohu, Me noho koe te mea tuatahi ki te tūtohu i tēnei pūkete!

MARC

LEADER 00000nam a2200000 a 4500
001 UCX5599
003 CL-VaPUC
008 921130e19550000SP |||||||||||||||||spa|d
082 0 4 |a 928.61  |b CAM  |2 21 
100 0 |a Campos, Jorge  |e author  |9 321916 
245 1 0 |a Obras escogidas de don Antonio Alcalá Galiano 
300 |a 2 v 
942 |c BK 
945 |d 19921130 00:00:00 
260 |a Madrid  |b Atlas  |c 1955 
600 0 7 |a ALCALA GALIANO, ANTONIO  |2 CL-VaPUC  |9 321917 
650 0 |a Literatura española  |9 306261 
650 0 |a Autobiografías   |9 265171 
650 7 |a MEMORIAS  |2 CL-VaPUC  |9 269159 
583 |a last modification  |c 19921130 00:00:00  |k Rodrigo Vera 
490 0 |a Biblioteca de Autores Españoles, 83-84 
999 |c 225813  |d 225811 
952 |0 0  |1 0  |4 0  |6 928_610000000000000_CAM_1955  |7 0  |8 A  |9 223656  |a FDOPOS  |b FDOPOS  |d 2019-11-15  |h v.1  |i 2924870  |o 928.61 CAM 1955  |p 2924870  |r 2025-01-22  |w 2019-11-15  |y BK  |k MLH 
952 |0 0  |1 0  |4 0  |6 928_610000000000000_CAM_1955  |7 0  |8 A  |9 223657  |a FDOPOS  |b FDOPOS  |d 2019-11-15  |h v.2  |i 2924889  |o 928.61 CAM 1955  |p 2924889  |r 2025-01-22  |w 2019-11-15  |y BK  |k MLH